00329pam a2200145a 44500008004100000020000900041041001200050082001100062100001400073245005100087250000600138260002200144300000800166650000900174230515b2010 xxu||||| |||| 00| 0 eng d aNULL aENGLISH a612.16 aKHANNA N. aPRINCIPLES OF PHARMACOLOGY FOR DENTAL STUDENTS a3 abC B S PUBc2010 a468 aNULL